Catalysis on the energy scene : proceedings of the 9th Canadian Symposium on Catalysis, Québec, P.Q., September 30-October 3, 1984 /

Guardado en:
Autor Corporativo: Canadian Symposium on Catalysis Québec, Québec)
Otros Autores: Kaliaguine, S., 1940-, (Editor , ed.), Mahay, A., 1958-, (Editor , ed.)
Formato: Libro
Idioma:English
Publicado: Amsterdam : New York : Elsevier ; Distributors for the U.S. and Canada, Elsevier Science Pub. Co., 1984.
Series:Studies in surface science and catalysis ; 19
Materias:
Etiquetas: Agregar Etiqueta
Sin Etiquetas, Sea el primero en etiquetar este registro!
LEADER 01058pam a22002415a 4500
001 EIQ.libpla000748
008 840918s1984####ne#a#####b####101#0#eng#d
005 20060504190900.0
245 1 0 |a Catalysis on the energy scene :  |b proceedings of the 9th Canadian Symposium on Catalysis, Québec, P.Q., September 30-October 3, 1984 /  |c editors, S. Kaliaguine and A. Mahay. 
260 |a Amsterdam :  |b Elsevier ;  |a New York :  |b Distributors for the U.S. and Canada, Elsevier Science Pub. Co.,  |c 1984. 
300 |a xvi, 602 p. :  |b il. ;  |c 25 cm. 
440 0 |a Studies in surface science and catalysis ;  |v 19 
504 |a Incluye referencias bibliográficas e índice. 
020 |a 0444424024 
111 2 |a Canadian Symposium on Catalysis  |n (9th :  |d 1984 :  |c Québec, Québec) 
700 1 |a Kaliaguine, S.,  |d 1940-,  |e ed.  |4 edt 
700 1 |a Mahay, A.,  |d 1958-,  |e ed.  |4 edt 
082 0 0 |a 541.3/95  |2 19 
650 0 |a Catálisis  |x Congresos. 
650 0 |a Catalysis  |x Congresses. 
010 |a  84021134  
040 |a DLC  |c DLC  |d AR-BbSID 
859 |a AR-BbSID  |b BIB. PLAPIQUI  |h 541.395  |i S 1  |p 3040